000
00201 a2200097 4500
001
4190
100
_a
Lanford smith,F
245
_a
Radio designers hand
260
_a
_b
Iliffe
_c
090
_c
3407
_d
3407
942
_a
NUST-CAE
_c
M
_c
26747
999
_c
239263
_d
239263